000 00861cam a2200217 4500
001 WS108241
008 000000n 000 0 eng u
035 _a(Sirsi) u108241
245 _aCountry Life Online
520 _aWeb pages for this magazine including an art and antiques directory which allows you to browse items that have been advertised in the magazine and to look up contact details of over 2,000 art and antique dealers in the UK. It also has a searchable database of properties for sale.
650 _aAuctioneering
_96218
650 0 _aFINE ARTS AND ANTIQUES
650 _aFARMING
650 _aRURAL ECONOMY
650 0 _aRIGHT TO ROAM
650 _aHUNTING
650 0 _aDISCUSSION LISTS
690 _aRURAL
_96268
856 4 0 _uhttps://www.countrylife.co.uk
_zView the website free of charge at www.countrylife.co.uk...
942 _n0
999 _c119644
_d119644